| 000 | 01242cam a22002174a 4500 | ||
|---|---|---|---|
| 005 | 20250605164126.0 | ||
| 008 | 250528s ||||||||||||||||||||||||d | ||
| 035 | _a18459 | ||
| 020 | _a960351201Χ | ||
| 040 |
_aGR-AtMCL _bgre _dGR-AtMCL _eAACR2 |
||
| 245 | 1 | _aΕισαγωγή στο Μάρκετινγκ / Β' Έκδοση | |
| 250 | _a2η | ||
| 260 |
_bΣταμούλης, _c1990 |
||
| 300 | _a592 | ||
| 505 | 0 | _aΠρόλογος, Οικονομία και Κοινωνία και ΜΚΤ, ΜΚΤ και Περιβάλλον, Έρευνα ΜΚΤ, Η Συμπεριφορά των Αγοραστών, Η Τμηματοποίηση της Αγοράς, Το Προιόν, Η Διανομή, Η Προβολή, Η Τιμολόγηση, Υποσημειώσεις. | |
| 520 | _aΠρόλογος, Οικονομία και Κοινωνία και ΜΚΤ, ΜΚΤ και Περιβάλλον, Έρευνα ΜΚΤ, Η Συμπεριφορά των Αγοραστών, Η Τμηματοποίηση της Αγοράς, Το Προιόν, Η Διανομή, Η Προβολή, Η Τιμολόγηση, Υποσημειώσεις. | ||
| 700 | 1 |
_aΜαλλιάρης Πέτρος Γ _94723 |
|
| 942 | _cBK | ||
| 999 |
_c3820 _d3820 |
||